000 00325nam a2200145Ia 4500
100 _aAatre/Vasudev
250 _a2
942 _cBK
654 _anetwork
245 _aNetwork theory and filter design
260 _bWILEY EASTERN LIMITED
_aNew Delhi
_c1980
082 _a621.3192
_bAAT
300 _a476
546 _aENGLISH
999 _c20282
_d20282